[Event "C.to Sociale"]
[Site "Robecchetto con Induno ITA"]
[Date "2012.12.06"]
[Round "1"]
[White "Colombo, Maurizio"]
[Black "Sartorio, Alessandro"]
[WhiteElo "1694"]
[BlackElo "1221"]
[Result "1-0"]
[PlyCount "57"]
[EventDate "2012.12.06"]

1. d4 Nf6 2. c4 g6 3. Nc3 Bg7 4. e4 d6 5. Nf3 O-O 6. Bg5 Bg4 7. Be2 Re8 8. O-O
Nbd7 9. h3 Bxf3 10. Bxf3 e5 11. d5 c6 12. dxc6 bxc6 13. Qxd6 Re6 14. Qd2 Qf8
15. Rfd1 Nc5 16. Be3 Nb7 17. Qc2 Rd8 18. Rxd8 Nxd8 19. Qa4 c5 20. Qxa7 Nc6 21.
Qxc5 Qb8 22. Qb5 Nd7 23. Rd1 Rd6 24. Qxb8+ Ndxb8 25. Rxd6 Nb4 26. Rd8+ Bf8 27.
Rxb8 Nc6 28. Rc8 Na5 29. Bh6 1-0

[Event "C.to Sociale"]
[Site "Robecchetto con Induno ITA"]
[Date "2012.12.06"]
[Round "1"]
[White "Minore, Antonino"]
[Black "Puricelli, Giancarlo"]
[WhiteElo "1295"]
[BlackElo "1697"]
[Result "0-1"]
[PlyCount "72"]
[EventDate "2012.12.06"]

1. e4 d6 2. d4 Nf6 3. Nc3 g6 4. Bd2 Bg7 5. f3 Nbd7 6. Qc1 O-O 7. Bh6 e5 8. Bxg7
Kxg7 9. Qd2 Kg8 10. O-O-O a6 11. d5 b5 12. g4 Nc5 13. Nge2 b4 14. Nb1 a5 15.
Ng3 Rb8 16. b3 a4 17. Bc4 axb3 18. cxb3 Bd7 19. h4 Ne8 20. g5 Bb5 21. Bxb5 Rxb5
22. h5 Ra5 23. hxg6 fxg6 24. Qh2 Qxg5+ 25. Kb2 h5 26. Nxh5 Qxh5 27. Qxh5 gxh5
28. Rxh5 Rxf3 29. Rg1+ Ng7 30. Rh2 Nxe4 31. Rhg2 Rf2+ 32. Rxf2 Nxf2 33. Nd2
Rxd5 34. Nb1 e4 35. Rg3 e3 36. Rf3 e2 0-1

[Event "C.to Sociale"]
[Site "Robecchetto con Induno ITA"]
[Date "2012.12.06"]
[Round "1"]
[White "Ottolini, Graziano"]
[Black "Torretta, Gilberto"]
[WhiteElo "2013"]
[BlackElo "1675"]
[Result "1-0"]
[PlyCount "63"]
[EventDate "2012.12.06"]

1. Nf3 Nf6 2. g3 d6 3. d4 g6 4. Bg2 Bg7 5. c4 O-O 6. Nc3 a5 7. O-O Bf5 8. Qb3
Na6 9. Qxb7 Nb4 10. Nh4 c6 11. Nxf5 gxf5 12. c5 Rb8 13. Qa7 Nd7 14. cxd6 exd6
15. a3 Ra8 16. Qxa8 Qxa8 17. axb4 d5 18. Rxa5 Qb7 19. b5 Nb6 20. bxc6 Qxc6 21.
Rc5 Qd7 22. Nxd5 Bxd4 23. e3 Bg7 24. Nxb6 Qa7 25. Rc6 Qa2 26. Rd1 Qb3 27. Rd2
Rb8 28. Nd5 Qa4 29. Ne7+ Kf8 30. Nxf5 Bxb2 31. Bxb2 Rxb2 32. Rc8+ 1-0

[Event "C.to Sociale"]
[Site "Robecchetto con Induno ITA"]
[Date "2012.12.06"]
[Round "1"]
[White "Santarelli, Sabatino"]
[Black "Testa, Loris"]
[WhiteElo "1604"]
[BlackElo "1909"]
[Result "0-1"]
[PlyCount "40"]
[EventDate "2012.12.06"]

1. d4 a6 2. g3 d5 3. Bg2 Nc6 4. Nc3 Nf6 5. Nf3 Bg4 6. O-O Qd7 7. Re1 Bh3 8. Bh1
e6 9. a3 Bd6 10. e4 dxe4 11. Nxe4 Nxe4 12. Rxe4 h5 13. d5 Ne7 14. dxe6 Bxe6 15.
Ne5 Qb5 16. c4 Qb6 17. Qa4+ c6 18. b4 Bxe5 19. c5 Qc7 20. Ra2 Bxa2 0-1

[Event "C.to Sociale"]
[Site "Robecchetto con Induno ITA"]
[Date "2012.12.06"]
[Round "1"]
[White "Trenti, Alessandro"]
[Black "Redamante, Marzio"]
[WhiteElo "1768"]
[BlackElo "1497"]
[Result "1-0"]
[PlyCount "51"]
[EventDate "2012.12.06"]

1. e4 c5 2. Nf3 Nc6 3. d4 cxd4 4. Nxd4 g6 5. Be3 Bg7 6. Be2 Nf6 7. Nc3 Qa5 8.
O-O O-O 9. a3 Rd8 10. Ndb5 a6 11. b4 Nxb4 12. axb4 Qxb4 13. Ra4 Qxa4 14. Nxa4
axb5 15. Nb6 Ra5 16. f3 d6 17. Bd2 Ra6 18. Nxc8 Rxc8 19. Bxb5 Rb6 20. c4 e6 21.
Be3 Rxb5 22. cxb5 d5 23. Bd4 dxe4 24. Bxf6 Bxf6 25. fxe4 Rc4 26. Rxf6 1-0

[Event "C.to Sociale"]
[Site "Robecchetto con Induno ITA"]
[Date "2012.12.06"]
[Round "1"]
[White "Zanin, Armando"]
[Black "Sigismondi, Piero"]
[WhiteElo "1700"]
[BlackElo "1416"]
[Result "1/2-1/2"]
[PlyCount "148"]
[EventDate "2012.12.06"]

1. b3 d5 2. Bb2 e6 3. Nf3 Nf6 4. e3 c6 5. a3 Nbd7 6. d4 Bd6 7. Nbd2 O-O 8. Bd3
Re8 9. O-O Qc7 10. c4 b6 11. b4 e5 12. e4 exd4 13. cxd5 cxd5 14. Rc1 Qb8 15.
exd5 Bb7 16. Re1 Bxd5 17. Rxe8+ Qxe8 18. Bxd4 Ne5 19. Be2 Nfd7 20. Nxe5 Nxe5
21. Nf3 Nxf3+ 22. Bxf3 Bxf3 23. Qxf3 Rd8 24. Bb2 Bf8 25. g3 Rd2 26. Bc3 Ra2 27.
Be1 Re2 28. Kf1 Re6 29. Qc3 Qa8 30. Kg1 Qe8 31. Rd1 Rc6 32. Qd2 Re6 33. Qc1 Re2
34. Bd2 Qb5 35. Be3 Qf5 36. Rd2 Rxd2 37. Qxd2 Qb1+ 38. Qc1 Qxc1+ 39. Bxc1 Bd6
40. b5 Kf8 41. a4 Ke8 42. Bb2 g6 43. Bg7 Kd7 44. Kg2 Ke6 45. f4 Kd5 46. Kf3 Kc4
47. Ke4 Kb4 48. Kd5 Bc5 49. Kc6 Kxa4 50. Be5 Ka5 51. Bb8 a6 52. bxa6 Kxa6 53.
g4 Be3 54. f5 gxf5 55. gxf5 h5 56. h3 Bd2 57. Be5 b5 58. Kd6 Ka5 59. Ke7 b4 60.
Kxf7 b3 61. Bb2 Kb4 62. f6 Bc3 63. Bc1 h4 64. Kg6 Kc4 65. f7 Bb4 66. Bb2 Kd3
67. Kh5 Kc2 68. Bf6 b2 69. Bxb2 Kxb2 70. Kxh4 Kc3 71. Kg5 Kd4 72. Kg6 Bf8 73.
h4 Ke5 74. h5 Ke6 1/2-1/2

[Event "C.to Sociale"]
[Site "Robecchetto con Induno ITA"]
[Date "2012.12.13"]
[Round "2"]
[White "Macchiettini, Pierangelo"]
[Black "Ottolini, Graziano"]
[WhiteElo "1712"]
[BlackElo "2013"]
[Result "0-1"]
[PlyCount "68"]
[EventDate "2012.12.06"]

1. d4 Nf6 2. c4 g6 3. Nc3 d5 4. Nf3 Bg7 5. e3 O-O 6. Be2 a6 7. O-O dxc4 8. Bxc4
b5 9. Be2 Bb7 10. Qc2 Nbd7 11. b4 e6 12. Bb2 Qe7 13. a3 Rfd8 14. Rac1 Nb6 15.
Ne5 Rac8 16. Nd3 Nfd7 17. Nc5 Nxc5 18. dxc5 Qg5 19. g3 Nd5 20. Ne4 Qh6 21. Bxg7
Qxg7 22. Rfd1 Bc6 23. Bf1 h6 24. Bg2 Ne7 25. Nd2 Bxg2 26. Kxg2 Nd5 27. Nf3 c6
28. Nd4 e5 29. Ne2 Qf6 30. e4 Nc7 31. Rd2 Rxd2 32. Qxd2 Ne6 33. Qd6 Rd8 34.
Qxc6 Nf4+ 0-1

[Event "C.to Sociale"]
[Site "Robecchetto con Induno ITA"]
[Date "2012.12.13"]
[Round "2"]
[White "Puricelli, Giancarlo"]
[Black "Trenti, Alessandro"]
[WhiteElo "1697"]
[BlackElo "1768"]
[Result "0-1"]
[PlyCount "80"]
[EventDate "2012.12.06"]

1. d4 d5 2. Nf3 Nf6 3. c4 c6 4. Nc3 Qc7 5. Bg5 Nbd7 6. e3 e6 7. Bd3 dxc4 8.
Bxc4 Bb4 9. O-O h6 10. Bh4 Nd5 11. Qb3 Bd6 12. e4 Nxc3 13. bxc3 Nb6 14. Bd3 e5
15. Bg3 Be6 16. Qc2 exd4 17. e5 Be7 18. Nxd4 Qd7 19. Nf5 Rg8 20. Rad1 Qc7 21.
Nd4 O-O-O 22. Nf5 Nd5 23. Nd4 g6 24. Nxe6 fxe6 25. Bxg6 Bc5 26. Be4 Qg7 27. c4
Nb4 28. Rxd8+ Rxd8 29. Qe2 Bd4 30. Bh4 Rg8 31. Bf6 Qc7 32. Qd2 c5 33. a3 Nc6
34. Qxh6 Bxe5 35. Qh3 Nd4 36. Qh7 Ne2+ 37. Kh1 Re8 38. Bxe5 Qxe5 39. Qxb7+ Kd8
40. Bc6 Qxh2+ 0-1

[Event "C.to Sociale"]
[Site "Robecchetto con Induno ITA"]
[Date "2012.12.13"]
[Round "2"]
[White "Redamante, Marzio"]
[Black "Minore, Antonino"]
[WhiteElo "1497"]
[BlackElo "1295"]
[Result "1-0"]
[PlyCount "129"]
[EventDate "2012.12.06"]

1. c4 Nf6 2. Nc3 g6 3. g3 Bg7 4. d3 O-O 5. Bg2 c6 6. Nf3 d6 7. Bg5 Nbd7 8. O-O
h6 9. Bd2 e5 10. Qc2 Nh7 11. Ne4 Qc7 12. Bb4 c5 13. Bd2 f5 14. Nc3 Nhf6 15. Nh4
Kh7 16. Nb5 Qb8 17. Ba5 Ne8 18. Rab1 a6 19. Na3 Ra7 20. Bd2 b6 21. Qa4 Ndf6 22.
b4 Bb7 23. bxc5 Bxg2 24. cxb6 Bxf1 25. bxa7 Qxa7 26. Rxf1 Ng4 27. h3 Ngf6 28.
Be3 Qb7 29. Rb1 Qc8 30. Rb6 f4 31. gxf4 Qxh3 32. Ng2 Ng4 33. f3 Qh2+ 34. Kf1
exf4 35. Bg1 Qg3 36. Nc2 Nh2+ 37. Bxh2 Qxh2 38. Qd7 Nf6 39. Qxd6 Qh1+ 40. Kf2
Qc1 41. Nd4 Qa1 42. Ne6 Rg8 43. Nxg7 Kxg7 44. Qe7+ Kh8 45. Qxf6+ Qxf6 46. Rxf6
a5 47. Ra6 g5 48. Rxh6+ Kg7 49. Ra6 Rb8 50. Rxa5 Kg6 51. c5 Rc8 52. d4 Kh5 53.
d5 g4 54. fxg4+ Kxg4 55. d6 Rf8 56. Ra4 Kg5 57. Rxf4 Ra8 58. d7 Rd8 59. c6 Kg6
60. c7 Rf8 61. Rxf8 Kg7 62. d8=Q Kh7 63. Qh4+ Kg7 64. Qf6+ Kh7 65. Rh8# 1-0

[Event "C.to Sociale"]
[Site "Robecchetto con Induno ITA"]
[Date "2012.12.13"]
[Round "2"]
[White "Sigismondi, Piero"]
[Black "Santarelli, Sabatino"]
[WhiteElo "1416"]
[BlackElo "1604"]
[Result "0-1"]
[PlyCount "88"]
[EventDate "2012.12.06"]

1. d4 c5 2. e3 e6 3. Nf3 Nf6 4. Bd3 Nc6 5. O-O Be7 6. b3 Nb4 7. Be2 b6 8. a3
Nbd5 9. c4 Nc7 10. Bb2 Bb7 11. Nbd2 O-O 12. Bd3 h6 13. Qe2 Re8 14. e4 d5 15. e5
Nh7 16. dxc5 bxc5 17. h3 a5 18. a4 Na6 19. Nh2 Nf8 20. f4 Nb4 21. Bb1 d4 22.
Ne4 Qc7 23. g4 Rad8 24. Nf3 d3 25. Qe3 Qc6 26. Ned2 Ng6 27. g5 Nc2 28. Bxc2
dxc2 29. Rac1 hxg5 30. fxg5 Rd7 31. Rxc2 Red8 32. Bc3 Rd3 33. Qf2 Nf4 34. Kh2
Qc7 35. h4 Rf8 36. Kg3 Ng6 37. Qe2 Rfd8 38. Kg4 Bf8 39. h5 Ne7 40. Nh4 Nc6 41.
Qh2 Nd4 42. Bxd4 R8xd4+ 43. Rf4 Rxf4+ 44. Qxf4 Rd4 0-1

[Event "C.to Sociale"]
[Site "Robecchetto con Induno ITA"]
[Date "2012.12.13"]
[Round "2"]
[White "Testa, Loris"]
[Black "Colombo, Maurizio"]
[WhiteElo "1909"]
[BlackElo "1694"]
[Result "1/2-1/2"]
[PlyCount "42"]
[EventDate "2012.12.06"]

1. Nf3 Nf6 2. g3 g6 3. Bg2 Bg7 4. c4 d6 5. d4 O-O 6. Nc3 c5 7. d5 e6 8. dxe6
fxe6 9. e4 Nc6 10. O-O a6 11. Bf4 e5 12. Bg5 Nd4 13. Nxd4 cxd4 14. Nd5 h6 15.
Bxf6 Bxf6 16. f4 Be6 17. f5 Bxd5 18. cxd5 gxf5 19. Qh5 Bg5 20. Qg6+ Kh8 21.
Rxf5 Rxf5 1/2-1/2

[Event "C.to Sociale"]
[Site "Robecchetto con Induno ITA"]
[Date "2012.12.13"]
[Round "2"]
[White "Torretta, Gilberto"]
[Black "Zanin, Armando"]
[WhiteElo "1675"]
[BlackElo "1700"]
[Result "0-1"]
[PlyCount "30"]
[EventDate "2012.12.06"]

1. e4 c5 2. Nc3 Nc6 3. Nge2 e5 4. g3 Nf6 5. Bg2 d6 6. O-O a6 7. a4 Rb8 8. f4
Bg4 9. d3 Nd4 10. h3 Bd7 11. f5 Be7 12. Be3 h6 13. Qc1 b5 14. axb5 axb5 15. Nd1
Nxe2+ 0-1

[Event "C.to Sociale"]
[Site "Robecchetto con Induno ITA"]
[Date "2012.12.20"]
[Round "3"]
[White "Colombo, Maurizio"]
[Black "Macchiettini, Pierangelo"]
[WhiteElo "1694"]
[BlackElo "1712"]
[Result "1/2-1/2"]
[PlyCount "90"]
[EventDate "2012.12.06"]

1. d4 d5 2. c4 e6 3. Nc3 Nf6 4. Bg5 Be7 5. e3 c6 6. Nf3 Ne4 7. Bxe7 Qxe7 8. Rc1
Nd7 9. Bd3 f5 10. O-O O-O 11. g3 Nd6 12. b3 Ne4 13. Nd2 Nef6 14. cxd5 Nxd5 15.
Nf3 Nxc3 16. Rxc3 e5 17. dxe5 Nxe5 18. Nxe5 Qxe5 19. Bc4+ Be6 20. Bxe6+ Qxe6
21. Rd3 Rab8 22. Qd2 h6 23. Rd1 Rf7 24. Qb4 Kh7 25. Rd6 Qe8 26. Qc5 a6 27. Qc4
Rc8 28. b4 Rfc7 29. Qd3 Qf7 30. g4 Rf8 31. a4 Kh8 32. gxf5 Qxf5 33. Qxf5 Rxf5
34. Rd8+ Kh7 35. R8d7 Rf7 36. Rxf7 Rxf7 37. Rc1 Rd7 38. a5 Rd5 39. Rc5 Rd2 40.
Kg2 Rb2 41. Rc4 c5 42. bxc5 Rb5 43. c6 bxc6 44. Rxc6 Rxa5 45. Rc7 Ra1 1/2-1/2

[Event "C.to Sociale"]
[Site "Robecchetto con Induno ITA"]
[Date "2012.12.20"]
[Round "3"]
[White "Minore, Antonino"]
[Black "Torretta, Gilberto"]
[WhiteElo "1295"]
[BlackElo "1675"]
[Result "0-1"]
[PlyCount "34"]
[EventDate "2012.12.06"]

1. e4 e5 2. Nf3 Nc6 3. Bc4 Nf6 4. d3 Be7 5. O-O O-O 6. h3 d5 7. exd5 Nxd5 8.
Bxd5 Qxd5 9. c3 Be6 10. a3 Rad8 11. Ng5 Bc8 12. Qh5 Qxd3 13. Kh2 Bxg5 14. Bxg5
f6 15. Be3 Qxf1 16. g4 Rd1 17. Nd2 Qg1# 0-1

[Event "C.to Sociale"]
[Site "Robecchetto con Induno ITA"]
[Date "2012.12.20"]
[Round "3"]
[White "Ottolini, Graziano"]
[Black "Trenti, Alessandro"]
[WhiteElo "2013"]
[BlackElo "1768"]
[Result "1-0"]
[PlyCount "37"]
[EventDate "2012.12.06"]

1. Nf3 Nf6 2. g3 d5 3. d4 c6 4. Bg2 Bf5 5. O-O e6 6. c4 dxc4 7. Ne5 Be4 8. f3
Bg6 9. Nc3 Nd5 10. Nxc4 Nxc3 11. bxc3 Nd7 12. Bf4 Nb6 13. Ne5 Bd6 14. Nxg6 hxg6
15. Bxd6 Qxd6 16. Qb3 O-O-O 17. a4 Qd5 18. Rfb1 a5 19. Qxb6 1-0

[Event "C.to Sociale"]
[Site "Robecchetto con Induno ITA"]
[Date "2012.12.20"]
[Round "3"]
[White "Santarelli, Sabatino"]
[Black "Redamante, Marzio"]
[WhiteElo "1604"]
[BlackElo "1497"]
[Result "1/2-1/2"]
[PlyCount "179"]
[EventDate "2012.12.06"]

1. d4 d5 2. g3 e6 3. Bg2 c5 4. c3 cxd4 5. Nf3 dxc3 6. Nxc3 Nc6 7. O-O Nf6 8. a3
a6 9. Bg5 Bd6 10. h3 h6 11. Be3 Qc7 12. Rc1 Bd7 13. Na4 b5 14. Nb6 Rb8 15. Nxd7
Qxd7 16. b4 O-O 17. Nd4 Rfc8 18. Nb3 Ne5 19. Nc5 Bxc5 20. Bxc5 Nc4 21. Qd3 Qd8
22. Bd4 Rc6 23. Rc2 Rbc8 24. Rfc1 Nd7 25. f4 a5 26. e4 dxe4 27. Qxe4 Rd6 28.
Be5 Ndxe5 29. fxe5 Rd1+ 30. Kh2 Rxc1 31. Rxc1 axb4 32. axb4 Qd2 33. Rc2 Qxb4
34. Qb7 Rd8 35. Qc7 Rd2 36. Rxd2 Qxd2 37. Qb8+ Kh7 38. Qxb5 Ne3 39. Qb1+ g6 40.
Qg1 Qe2 41. Kh1 Nxg2 42. Qxg2 Qxe5 43. Kh2 h5 44. h4 Kg7 45. Qf2 g5 46. hxg5
Qxg5 47. Qb2+ Qf6 48. Qe2 Kh6 49. Qe3+ Qg5 50. Qf2 Qf5 51. Qd2+ Kg6 52. Qe2 f6
53. Qa2 e5 54. Qg8+ Kh6 55. Qh8+ Kg5 56. Qg8+ Qg6 57. Qc4 f5 58. Qd5 e4 59.
Qd2+ Kf6 60. Qd6+ Kg7 61. Qf4 Qg4 62. Qc7+ Kh6 63. Qd6+ Qg6 64. Qf4+ Qg5 65.
Qd6+ Kg7 66. Qc7+ Kg6 67. Qd6+ Qf6 68. Qd2 h4 69. Qf2 hxg3+ 70. Qxg3+ Qg5 71.
Qd6+ Kh5 72. Qd1+ Qg4 73. Qd7 Qf4+ 74. Kg1 Kg4 75. Qg7+ Qg5 76. Qb2 Qe3+ 77.
Kf1 Qf3+ 78. Kg1 Qd1+ 79. Kh2 Qd6+ 80. Kg1 Qg3+ 81. Kf1 Kh3 82. Qh8+ Kg4 83.
Qg7+ Kf3 84. Qc3+ e3 85. Qc6+ Kg4 86. Qg6+ Kh3 87. Qxf5+ Kh2 88. Qh5+ Qh3+ 89.
Qxh3+ Kxh3 90. Ke2 1/2-1/2

[Event "C.to Sociale"]
[Site "Robecchetto con Induno ITA"]
[Date "2012.12.20"]
[Round "3"]
[White "Volpe, Antonio"]
[Black "Sigismondi, Piero"]
[WhiteElo "1727"]
[BlackElo "1416"]
[Result "1/2-1/2"]
[PlyCount "67"]
[EventDate "2012.12.06"]

1. e4 e5 2. f4 d5 3. Nf3 Bg4 4. Be2 exf4 5. exd5 Bxf3 6. Bxf3 Qh4+ 7. Ke2 Bd6
8. c4 Nd7 9. d4 b6 10. Nc3 a6 11. Kd3 Ne7 12. Qe1 Qf6 13. Ne4 Qg6 14. h4 h5 15.
b4 c5 16. Bb2 Rb8 17. a3 O-O 18. Rg1 Rfe8 19. Qe2 Nf6 20. Kd2 Nxe4+ 21. Bxe4
Nf5 22. Qd3 Qg3 23. Bxf5 Qf2+ 24. Kc3 Re3 25. g4 Rxd3+ 26. Bxd3 cxd4+ 27. Kb3
Rd8 28. Rac1 Qd2 29. Rcd1 Qh2 30. Bxd4 Qxh4 31. gxh5 Qxh5 32. Bxg7 Qxd1+ 33.
Rxd1 Kxg7 34. Rg1+ 1/2-1/2

[Event "C.to Sociale"]
[Site "Robecchetto con Induno ITA"]
[Date "2012.12.20"]
[Round "3"]
[White "Zanin, Armando"]
[Black "Testa, Loris"]
[WhiteElo "1700"]
[BlackElo "1909"]
[Result "0-1"]
[PlyCount "66"]
[EventDate "2012.12.06"]

1. c4 c6 2. Nf3 Nf6 3. g3 d5 4. b3 g6 5. Bb2 Bg7 6. Bg2 Qb6 7. d3 dxc4 8. dxc4
Ne4 9. Bd4 Qb4+ 10. Nbd2 O-O 11. a3 Qa5 12. b4 Qf5 13. Bxg7 Kxg7 14. Nxe4 Qxe4
15. Qd3 Qxd3 16. exd3 Bf5 17. d4 Nd7 18. Bf1 Nf6 19. Be2 Rfd8 20. Rd1 Ne4 21.
Nh4 Bh3 22. Bf1 Be6 23. Nf3 a5 24. Bd3 Nc3 25. Rc1 axb4 26. axb4 Bg4 27. Be2
Nxe2 28. Kxe2 Ra3 29. Rhe1 Bxf3+ 30. Kf1 Rxd4 31. c5 Ra2 32. Rc3 Bd5 33. Rb1
Rdd2 0-1

[Event "C.to Sociale"]
[Site "Robecchetto con Induno ITA"]
[Date "2013.01.03"]
[Round "4"]
[White "Macchiettini, Pierangelo"]
[Black "Santarelli, Sabatino"]
[WhiteElo "1712"]
[BlackElo "1604"]
[Result "1/2-1/2"]
[PlyCount "55"]
[EventDate "2012.12.06"]

1. d4 Nf6 2. c4 e5 3. dxe5 Ng4 4. Nf3 Bc5 5. e3 Qe7 6. Nc3 c6 7. a3 Nxe5 8. Be2
O-O 9. Qc2 f5 10. O-O d6 11. Na4 Nbd7 12. Nd4 Nf6 13. Nxc5 dxc5 14. Nf3 Ne4 15.
Nd2 Nd6 16. b3 Be6 17. Bb2 Ng6 18. Nf3 Rad8 19. Rad1 Rd7 20. Bd3 Rfd8 21. h3
Ne4 22. Be2 Rd6 23. Rxd6 Rxd6 24. Bd3 Bc8 25. Rd1 Qd8 26. Ne1 a6 27. Nf3 Qe7
28. Be2 1/2-1/2

[Event "C.to Sociale"]
[Site "Robecchetto con Induno ITA"]
[Date "2013.01.03"]
[Round "4"]
[White "Sartorio, Alessandro"]
[Black "Minore, Antonino"]
[WhiteElo "1221"]
[BlackElo "1295"]
[Result "0-1"]
[PlyCount "56"]
[EventDate "2012.12.06"]

1. e4 e5 2. Nf3 Nc6 3. Bb5 Bc5 4. d4 exd4 5. Bxc6 bxc6 6. Nxd4 Ba6 7. b3 Qh4 8.
Nc3 Nf6 9. g3 Qh3 10. Nf3 Ng4 11. Be3 Nxe3 12. fxe3 Bxe3 13. Ne2 Qg2 14. Rf1
O-O-O 15. c4 Rhe8 16. Qd3 Bc5 17. Nf4 Bb4+ 18. Kd1 Qb2 19. Qb1 Qc3 20. Ne2 Qe3
21. Qc2 Rxe4 22. Nd2 Qxe2+ 23. Kc1 Bxd2+ 24. Qxd2 Qxf1+ 25. Kb2 Qf6+ 26. Kb1
Rde8 27. Qb2 Re1+ 28. Kc2 R8e2+ 0-1

[Event "C.to Sociale"]
[Site "Robecchetto con Induno ITA"]
[Date "2013.01.03"]
[Round "4"]
[White "Testa, Loris"]
[Black "Ottolini, Graziano"]
[WhiteElo "1909"]
[BlackElo "2013"]
[Result "1/2-1/2"]
[PlyCount "40"]
[EventDate "2012.12.06"]

1. Nf3 d5 2. d4 Nf6 3. e3 c5 4. c4 cxd4 5. Nxd4 e6 6. Nc3 Be7 7. Be2 dxc4 8.
Bxc4 O-O 9. O-O Bd7 10. Bd2 Nc6 11. Nxc6 Bxc6 12. Bb5 Bxb5 13. Nxb5 Qb6 14. Qb3
Rfd8 15. Bc3 a6 16. Nd4 Qxb3 17. Nxb3 Nd5 18. Bd4 Bf6 19. Bxf6 Nxf6 20. Rfd1
Nd5 1/2-1/2

[Event "C.to Sociale"]
[Site "Robecchetto con Induno ITA"]
[Date "2013.01.03"]
[Round "4"]
[White "Trenti, Alessandro"]
[Black "Colombo, Maurizio"]
[WhiteElo "1768"]
[BlackElo "1694"]
[Result "1/2-1/2"]
[PlyCount "65"]
[EventDate "2012.12.06"]

1. e4 c5 2. b3 Nc6 3. Bb2 d5 4. exd5 Qxd5 5. Nc3 Qd8 6. Bb5 Bd7 7. Nf3 Nf6 8.
d4 cxd4 9. Nxd4 Nxd4 10. Qxd4 Bxb5 11. Nxb5 Qa5+ 12. Nc3 Rd8 13. Qc4 e6 14. O-O
Be7 15. Rad1 O-O 16. a4 Rc8 17. Qd3 Rfd8 18. Qf3 Qb6 19. Rxd8+ Rxd8 20. Rd1
Rxd1+ 21. Qxd1 Bc5 22. Qf3 Bd4 23. Nd1 Bxb2 24. Nxb2 Qd4 25. Nd1 Ne4 26. g3 h6
27. Ne3 b6 28. Kg2 a6 29. Nc4 b5 30. axb5 axb5 31. Ne3 Ng5 32. Qc6 Qe4+ 33.
Qxe4 1/2-1/2

[Event "C.to Sociale"]
[Site "Robecchetto con Induno ITA"]
[Date "2013.01.10"]
[Round "5"]
[White "Ottolini, Graziano"]
[Black "Colombo, Maurizio"]
[WhiteElo "2013"]
[BlackElo "1694"]
[Result "1/2-1/2"]
[PlyCount "71"]
[EventDate "2012.12.06"]

1. Nf3 Nf6 2. g3 g6 3. b4 Bg7 4. Bb2 O-O 5. c4 d6 6. Bg2 c6 7. O-O Na6 8. Qb3
Qb6 9. a3 Nc5 10. Qc2 Ne6 11. Nc3 Bd7 12. e3 Rfc8 13. d4 Qc7 14. Rac1 a5 15.
Rfd1 axb4 16. axb4 d5 17. c5 Nf8 18. b5 Bf5 19. Qb3 N8d7 20. h3 h5 21. b6 Qd8
22. Nh4 Qe8 23. Nxf5 gxf5 24. Ra1 Ne4 25. Nxe4 fxe4 26. Bf1 f5 27. Ra7 Rab8 28.
h4 Qg6 29. Be2 Nf6 30. Rda1 Ng4 31. R1a3 Bf6 32. Kf1 Nh2+ 33. Kg2 Ng4 34. Qd1
e6 35. Bxg4 Qxg4 36. Qxg4+ 1/2-1/2

[Event "C.to Sociale"]
[Site "Robecchetto con Induno ITA"]
[Date "2013.01.10"]
[Round "5"]
[White "Redamante, Marzio"]
[Black "Testa, Loris"]
[WhiteElo "1497"]
[BlackElo "1909"]
[Result "0-1"]
[PlyCount "128"]
[EventDate "2012.12.06"]

1. c4 e5 2. g3 d6 3. Bg2 Nc6 4. d3 Be6 5. Nf3 Qd7 6. h3 Be7 7. Nc3 Bf6 8. Ne4
Nge7 9. Nxf6+ gxf6 10. Bd2 d5 11. cxd5 Nxd5 12. Qa4 Nb6 13. Qh4 O-O-O 14. Qxf6
Bd5 15. O-O Bxf3 16. Qxf3 f5 17. Bg5 Rde8 18. Qh5 Rhg8 19. Rfd1 f4 20. gxf4
exf4 21. Bxf4 Nd4 22. e3 Nf5 23. Rac1 Nd5 24. Bh2 Qg7 25. Qxf5+ Kb8 26. Qf3 Rd8
27. Bxc7+ Ka8 28. Bxd8 Rxd8 29. Kf1 Nb6 30. Rc2 Rf8 31. Qxb7+ Qxb7 32. Bxb7+
Kxb7 33. Rdc1 Nd5 34. Ke1 Nb4 35. Rc7+ Kb6 36. R7c3 a5 37. Rb3 Ka6 38. Rxb4
axb4 39. d4 Rf3 40. Rc4 Kb5 41. Rc5+ Kb6 42. h4 Rh3 43. h5 Rh1+ 44. Kd2 Rb1 45.
Kc2 Rf1 46. f4 Re1 47. Kd3 Rb1 48. b3 Rb2 49. Rc2 Rb1 50. e4 Rh1 51. f5 Rxh5
52. f6 Rh3+ 53. Kc4 Rf3 54. e5 Rf4 55. Re2 Kc6 56. Rd2 Kd7 57. Kxb4 h5 58. Kc3
h4 59. Rh2 Ke6 60. Rh3 Rg4 61. a4 Rg3+ 62. Rxg3 hxg3 63. d5+ Kf7 64. d6 Ke6 0-1

[Event "C.to Sociale"]
[Site "Robecchetto con Induno ITA"]
[Date "2013.01.10"]
[Round "5"]
[White "Santarelli, Sabatino"]
[Black "Trenti, Alessandro"]
[WhiteElo "1604"]
[BlackElo "1768"]
[Result "1-0"]
[PlyCount "105"]
[EventDate "2012.12.06"]

1. d4 d5 2. Nf3 Nf6 3. e3 c6 4. c4 Bf5 5. Nc3 e6 6. a3 dxc4 7. Bxc4 Bd6 8. O-O
Qc7 9. h3 Nbd7 10. Bd3 Bxd3 11. Qxd3 e5 12. Bd2 O-O 13. Rac1 a6 14. Ng5 h6 15.
Nge4 Be7 16. d5 Nc5 17. Nxc5 Bxc5 18. Ne4 Nxe4 19. Qxe4 cxd5 20. Qxd5 Rfd8 21.
Qxc5 Qxc5 22. Rxc5 Rxd2 23. Rb1 f6 24. Rc7 b5 25. Kf1 Rad8 26. Ke1 R8d6 27. g4
Rd7 28. Rc6 a5 29. Rc5 R7d5 30. Rxb5 a4 31. Rxd5 Rxd5 32. Rd1 Rb5 33. Rd2 Rb3
34. Kd1 Kf7 35. Kc2 Ke6 36. Rd3 Rb6 37. e4 g6 38. h4 f5 39. f3 fxg4 40. fxg4
Rb8 41. g5 h5 42. Rf3 Rc8+ 43. Rc3 Rf8 44. Rc6+ Kf7 45. Rf6+ Ke7 46. Rxf8 Kxf8
47. Kc3 Ke7 48. Kb4 Kd6 49. Kxa4 Kc5 50. b4+ Kd4 51. b5 Kxe4 52. b6 Kf3 53. b7
1-0

[Event "C.to Sociale"]
[Site "Robecchetto con Induno ITA"]
[Date "2013.01.10"]
[Round "5"]
[White "Sigismondi, Piero"]
[Black "Torretta, Gilberto"]
[WhiteElo "1416"]
[BlackElo "1675"]
[Result "1-0"]
[PlyCount "45"]
[EventDate "2012.12.06"]

1. e4 e5 2. Nf3 Nc6 3. Bb5 a6 4. Ba4 Nf6 5. O-O b5 6. Bb3 Nxe4 7. d4 d5 8. dxe5
Be6 9. Be3 Be7 10. h3 O-O 11. c3 Qd7 12. Kh2 f5 13. exf6 Rxf6 14. Ng5 Nxg5 15.
Bxg5 Bd6+ 16. Kg1 Rf7 17. Re1 Kh8 18. Nd2 Raf8 19. Re2 Bxh3 20. Bxd5 Bh2+ 21.
Kxh2 Qxd5 22. Nf3 Rxf3 23. Qxd5 1-0

[Event "C.to Sociale"]
[Site "Robecchetto con Induno ITA"]
[Date "2013.01.10"]
[Round "5"]
[White "Zanin, Armando"]
[Black "Volpe, Antonio"]
[WhiteElo "1700"]
[BlackElo "1727"]
[Result "0-1"]
[PlyCount "68"]
[EventDate "2012.12.06"]

1. c4 g6 2. Nf3 Bg7 3. Nc3 e6 4. d4 h6 5. e4 d6 6. Rb1 Nd7 7. Be2 Ne7 8. Be3 b6
9. Qc1 Bb7 10. d5 e5 11. b4 a6 12. a4 f5 13. Bd3 f4 14. Bd2 O-O 15. O-O g5 16.
h3 Nf6 17. Nh2 Bc8 18. Be2 Qe8 19. Qd1 Qg6 20. f3 h5 21. Be1 Bd7 22. Bf2 Rad8
23. Kh1 Kf7 24. c5 Rh8 25. cxb6 cxb6 26. Bxb6 Rc8 27. Na2 Rb8 28. Bf2 g4 29.
fxg4 hxg4 30. Bxg4 Bxg4 31. Nxg4 Nxg4 32. Kg1 Rxh3 33. Rb3 Rxb3 34. Qxb3 Rh8
0-1

[Event "C.to Sociale"]
[Site "Robecchetto con Induno ITA"]
[Date "2013.01.17"]
[Round "6"]
[White "Macchiettini, Pierangelo"]
[Black "Redamante, Marzio"]
[WhiteElo "1712"]
[BlackElo "1497"]
[Result "1-0"]
[PlyCount "83"]
[EventDate "2012.12.06"]

1. d4 d5 2. Nf3 e6 3. a3 c5 4. c4 dxc4 5. Qa4+ Bd7 6. Qxc4 cxd4 7. Nxd4 Nc6 8.
Nf3 Nf6 9. Nc3 Na5 10. Qa2 Bc5 11. e3 Qb6 12. b4 Bd6 13. bxa5 Qxa5 14. Bd2 Qf5
15. Be2 Ne4 16. Nxe4 Qxe4 17. Rc1 Qa4 18. Ra1 Rc8 19. O-O Rc2 20. Qb1 Bc6 21.
Bd1 Bxf3 22. Qxc2 Qxc2 23. Bxc2 Bd5 24. Bb4 Bc7 25. Ba4+ Kd8 26. Rac1 a5 27.
Be7+ Kxe7 28. Rxc7+ Kf6 29. Rc5 b6 30. Rc7 Rb8 31. Bb5 Bb3 32. Rfc1 Rd8 33. Rd7
Rb8 34. Rcc7 e5 35. Bc4 Bxc4 36. Rxc4 Ke6 37. Rcc7 Rf8 38. Rb7 g6 39. Rdc7 Kd6
40. Rxf7 Kc6 41. Rxb6+ Kxb6 42. Rxf8 1-0